[Event "Campeonato España Sub 18"]
[Site "Salobreña"]
[Date "2017.07.31"]
[Round "2"]
[White "Castillo Dalmau, Albert"]
[Black "Atienza Alvarez, Javier"]
[Result "1-0"]
[Board "12"]
[WhiteClock "1:30"]
[WhiteElo "2258"]
[WhiteCountry "ESP"]
[WhiteFideId "32009925"]
[WhiteEloChange "5"]
[BlackClock "1:30"]
[BlackElo "2067"]
[BlackCountry "ESP"]
[BlackFideId "24511668"]
[BlackEloChange "-5"]

1. d4 {[%clk 1:30:00]} Nf6 {[%clk 1:27:00]} 2. c4 {[%clk 1:30:00]} g6 {[%clk
1:27:00]} 3. Nf3 {[%clk 1:31:00]} Bg7 {[%clk 1:27:00]} 4. g3 {[%clk 1:31:00]} O-O
{[%clk 1:28:00]} 5. Bg2 {[%clk 1:32:00]} d6 {[%clk 1:27:00]} 6. O-O {[%clk
1:32:00]} Nbd7 {[%clk 1:27:00]} 7. Nc3 {[%clk 1:32:00]} e5 {[%clk 1:26:00]} 8. e4
{[%clk 1:32:00]} Re8 {[%clk 1:24:00]} 9. h3 {[%clk 1:32:00]} exd4 {[%clk
1:21:00]} 10. Nxd4 {[%clk 1:32:00]} Nc5 {[%clk 1:21:00]} 11. Re1 {[%clk 1:33:00]}
c6 {[%clk 1:21:00]} 12. b3 {[%clk 1:26:00]} Qb6 {[%clk 1:13:00]} 13. Bb2 {[%clk
1:12:00]} a5 {[%clk 1:08:00]} 14. a3 {[%clk 1:12:00]} Nfd7 {[%clk 0:25:00]} 15.
Rb1 {[%clk 1:07:00]} Ne5 {[%clk 0:16:50]} 16. Re3 {[%clk 0:53:00]} Ned3 {[%clk
0:13:11]} 17. Nde2 {[%clk 0:53:00]} Nxb2 {[%clk 0:07:56]} 18. Rxb2 {[%clk
0:53:00]} Be6 {[%clk 0:08:11]} 19. Qc2 {[%clk 0:50:00]} Rad8 {[%clk 0:05:41]} 20.
Rb1 {[%clk 0:44:00]} a4 {[%clk 0:01:20]} 21. b4 {[%clk 0:43:00]} Nd7 {[%clk
0:01:02]} 22. Nxa4 {[%clk 0:38:00]} Qa7 {[%clk 0:00:54]} 23. Nb2 {[%clk 0:26:00]}
d5 {[%clk 0:00:38]} 24. Nf4 {[%clk 0:15:23]} d4 {[%clk 0:00:39]} 25. Rb3 {[%clk
0:15:10]} Ne5 {[%clk 0:00:40]} 26. Nxe6 {[%clk 0:14:55]} fxe6 {[%clk 0:00:43]}
27. Nd3 {[%clk 0:11:54]} b5 {[%clk 0:00:35]} 28. Nxe5 {[%clk 0:11:15]} Bxe5
{[%clk 0:00:44]} 29. Rd3 {[%clk 0:10:32]} Bg7 {[%clk 0:00:36]} 30. Ra1 {[%clk
0:10:26]} Qa6 {[%clk 0:00:35]} 31. c5 {[%clk 0:10:14]} Ra8 {[%clk 0:00:38]} 32.
Qa2 {[%clk 0:10:16]} Qa4 {[%clk 0:00:34]} 33. f4 {[%clk 0:10:22]} Ra6 {[%clk
0:00:37]} 34. e5 {[%clk 0:10:42]} Rd8 {[%clk 0:00:34]} 35. Qxe6+ {[%clk 0:10:30]}
Kh8 {[%clk 0:01:03]} 36. Qa2 {[%clk 0:10:42]} Bf8 {[%clk 0:00:45]} 37. Qb2 {[%clk
0:10:42]} 1-0

[Event "Campeonato España Sub 18"]
[Site "Salobreña"]
[Date "2017.07.31"]
[Round "2"]
[White "Pulido Esteban, Francisco Daniel"]
[Black "Quispe Arteaga, Gabriel"]
[Result "0-1"]
[Board "13"]
[WhiteClock "1:29"]
[WhiteElo "2065"]
[WhiteCountry "ESP"]
[WhiteFideId "22274839"]
[WhiteEloChange "-6"]
[BlackClock "1:30"]
[BlackTitle "FM"]
[BlackElo "2231"]
[BlackCountry "ESP"]
[BlackFideId "32059809"]
[BlackEloChange "6"]

1. e4 {[%clk 1:30:00]} c5 {[%clk 1:30:00]} 2. Nc3 {[%clk 1:30:00]} Nc6 {[%clk
1:31:00]} 3. g3 {[%clk 1:30:00]} g6 {[%clk 1:30:00]} 4. Bg2 {[%clk 1:31:00]} Bg7
{[%clk 1:30:00]} 5. d3 {[%clk 1:31:00]} d6 {[%clk 1:30:00]} 6. f4 {[%clk
1:31:00]} e6 {[%clk 1:26:00]} 7. Nf3 {[%clk 1:30:00]} Nge7 {[%clk 1:26:00]} 8.
O-O {[%clk 1:30:00]} O-O {[%clk 1:26:00]} 9. Be3 {[%clk 1:30:00]} Rb8 {[%clk
1:23:00]} 10. Qd2 {[%clk 1:29:00]} b5 {[%clk 1:23:00]} 11. d4 {[%clk 1:28:00]} b4
{[%clk 1:16:00]} 12. Ne2 {[%clk 1:28:00]} Ba6 {[%clk 1:17:00]} 13. Rfd1 {[%clk
1:07:00]} Na5 {[%clk 0:53:00]} 14. b3 {[%clk 1:02:00]} c4 {[%clk 0:53:00]} 15.
Qe1 {[%clk 0:58:00]} Qd7 {[%clk 0:51:00]} 16. Nd2 {[%clk 0:41:00]} Rfc8 {[%clk
0:50:00]} 17. Rdc1 {[%clk 0:29:00]} Bb5 {[%clk 0:19:50]} 18. Nf1 {[%clk 0:08:32]}
Nac6 {[%clk 0:19:43]} 19. Rd1 {[%clk 0:08:23]} d5 {[%clk 0:19:18]} 20. e5 {[%clk
0:08:26]} h5 {[%clk 0:19:46]} 21. h3 {[%clk 0:08:16]} a5 {[%clk 0:18:29]} 22. g4
{[%clk 0:08:16]} hxg4 {[%clk 0:18:57]} 23. hxg4 {[%clk 0:08:43]} a4 {[%clk
0:19:03]} 24. Nd2 {[%clk 0:08:19]} Nd8 {[%clk 0:19:03]} 25. Kf2 {[%clk 0:07:21]}
cxb3 {[%clk 0:16:24]} 26. cxb3 {[%clk 0:07:39]} f6 {[%clk 0:16:11]} 27. Nf3
{[%clk 0:07:18]} Nf7 {[%clk 0:15:54]} 28. Rdc1 {[%clk 0:07:23]} Nh6 {[%clk
0:15:44]} 29. Bh3 {[%clk 0:06:32]} f5 {[%clk 0:15:43]} 30. gxf5 {[%clk 0:05:40]}
Nexf5 {[%clk 0:15:32]} 31. Bxf5 {[%clk 0:05:54]} gxf5 {[%clk 0:15:50]} 32. Ng5
{[%clk 0:05:00]} Ng4+ {[%clk 0:16:00]} 33. Kf3 {[%clk 0:05:23]} Bh6 {[%clk
0:16:19]} 34. Qh4 {[%clk 0:05:17]} axb3 {[%clk 0:14:21]} 35. axb3 {[%clk
0:05:26]} Bxe2+ {[%clk 0:14:34]} 36. Kxe2 {[%clk 0:05:41]} Qb5+ {[%clk 0:14:55]}
37. Kd2 {[%clk 0:06:04]} Rc3 {[%clk 0:13:49]} 38. Rxc3 {[%clk 0:05:25]} bxc3+
{[%clk 0:14:07]} 39. Kc1 {[%clk 0:05:33]} Qf1+ {[%clk 0:14:02]} 40. Kc2 {[%clk
0:05:45]} Nxe3+ {[%clk 0:14:02]} 0-1

[Event "Campeonato España Sub 18"]
[Site "Salobreña"]
[Date "2017.07.31"]
[Round "2"]
[White "Martin Carmona, Gaston Manuel"]
[Black "Tarraga Navarro, Pablo"]
[Result "1-0"]
[Board "15"]
[WhiteClock "1:27"]
[WhiteElo "2205"]
[WhiteCountry "ESP"]
[WhiteFideId "22284567"]
[WhiteEloChange "6"]
[BlackClock "1:30"]
[BlackElo "2054"]
[BlackCountry "ESP"]
[BlackFideId "32041691"]
[BlackEloChange "-6"]

1. e4 {[%clk 1:27:00]} e6 {[%clk 1:30:00]} 2. d4 {[%clk 1:26:00]} d5 {[%clk
1:31:00]} 3. Nc3 {[%clk 1:26:00]} Nf6 {[%clk 1:31:00]} 4. e5 {[%clk 1:26:00]}
Nfd7 {[%clk 1:32:00]} 5. f4 {[%clk 1:26:00]} c5 {[%clk 1:32:00]} 6. Nf3 {[%clk
1:26:00]} Nc6 {[%clk 1:31:00]} 7. Be3 {[%clk 1:25:00]} Be7 {[%clk 1:32:00]} 8.
Qd2 {[%clk 1:26:00]} O-O {[%clk 1:32:00]} 9. Be2 {[%clk 1:26:00]} b6 {[%clk
1:32:00]} 10. O-O {[%clk 1:25:00]} Bb7 {[%clk 1:32:00]} 11. Kh1 {[%clk 1:23:00]}
cxd4 {[%clk 1:30:00]} 12. Nxd4 {[%clk 1:23:00]} Nxd4 {[%clk 1:30:00]} 13. Bxd4
{[%clk 1:23:00]} Nb8 {[%clk 1:30:00]} 14. Bd3 {[%clk 1:18:00]} Nc6 {[%clk
1:29:00]} 15. Ne2 {[%clk 1:18:00]} Nxd4 {[%clk 1:25:00]} 16. Nxd4 {[%clk
1:18:00]} Bc5 {[%clk 1:23:00]} 17. c3 {[%clk 1:17:00]} Bxd4 {[%clk 1:20:00]} 18.
cxd4 {[%clk 1:16:00]} f5 {[%clk 1:18:00]} 19. exf6 {[%clk 1:09:00]} Rxf6 {[%clk
1:16:00]} 20. Rae1 {[%clk 1:09:00]} Qd6 {[%clk 1:11:00]} 21. Re5 {[%clk 1:08:00]}
Raf8 {[%clk 1:11:00]} 22. g4 {[%clk 1:02:00]} g6 {[%clk 1:02:00]} 23. Kg2 {[%clk
0:55:00]} Qe7 {[%clk 0:59:00]} 24. a3 {[%clk 0:54:00]} a5 {[%clk 0:56:00]} 25.
Kg3 {[%clk 0:51:00]} Bc8 {[%clk 0:55:00]} 26. g5 {[%clk 0:39:00]} Qd7 {[%clk
0:55:00]} 27. Qd1 {[%clk 0:39:00]} R6f7 {[%clk 0:55:00]} 28. h4 {[%clk 0:40:00]}
b5 {[%clk 0:53:00]} 29. h5 {[%clk 0:39:00]} gxh5 {[%clk 0:53:00]} 30. Qxh5 {[%clk
0:38:00]} Rg7 {[%clk 0:52:00]} 31. Rh1 {[%clk 0:35:00]} Rff7 {[%clk 0:50:00]} 32.
Qe2 {[%clk 0:20:00]} Qa7 {[%clk 0:48:00]} 33. Qd2 {[%clk 0:19:48]} Qb6 {[%clk
0:45:00]} 34. Rh6 {[%clk 0:17:33]} Kf8 {[%clk 0:42:00]} 35. Rxd5 {[%clk 0:15:03]}
Bb7 {[%clk 0:42:00]} 36. Rc5 {[%clk 0:15:05]} Qd6 {[%clk 0:38:00]} 37. Qe3 {[%clk
0:13:55]} Bd5 {[%clk 0:38:00]} 38. Rc8+ {[%clk 0:12:37]} Ke7 {[%clk 0:38:00]} 39.
Qe5 {[%clk 0:12:08]} Qxe5 {[%clk 0:33:00]} 40. dxe5 {[%clk 0:12:26]} Kd7 {[%clk
0:32:00]} 41. Rh8 {[%clk 0:11:52]} b4 {[%clk 0:29:00]} 42. axb4 {[%clk 0:11:51]}
axb4 {[%clk 0:29:00]} 43. R6xh7 {[%clk 0:11:47]} Kc6 {[%clk 0:29:00]} 44. Rxg7
{[%clk 0:12:05]} Rxg7 {[%clk 0:29:00]} 45. Rc8+ {[%clk 0:12:35]} Kb6 {[%clk
0:29:00]} 46. g6 {[%clk 0:12:26]} Ka5 {[%clk 0:29:00]} 47. Kg4 {[%clk 0:12:05]}
Ka4 {[%clk 0:29:00]} 48. Bc2+ {[%clk 0:12:19]} b3 {[%clk 0:29:00]} 49. Bd3 {[%clk
0:12:37]} Kb4 {[%clk 0:29:00]} 50. Kg5 {[%clk 0:12:37]} Ra7 {[%clk 0:29:00]} 51.
Kf6 {[%clk 0:12:37]} 1-0

[Event "Campeonato España Sub 18"]
[Site "Salobreña"]
[Date "2017.07.31"]
[Round "2"]
[White "Presa Villa, Andres"]
[Black "Porta Tovar, Guillem"]
[Result "1-0"]
[Board "16"]
[WhiteClock "1:30"]
[WhiteElo "2058"]
[WhiteCountry "ESP"]
[WhiteFideId "32008651"]
[WhiteEloChange "14"]
[BlackClock "1:30"]
[BlackElo "2202"]
[BlackCountry "ESP"]
[BlackFideId "32008341"]
[BlackEloChange "-14"]

1. e4 {[%clk 1:30:00]} e5 {[%clk 1:30:00]} 2. Nf3 {[%clk 1:31:00]} Nc6 {[%clk
1:30:00]} 3. Bb5 {[%clk 1:31:00]} a6 {[%clk 1:31:00]} 4. Ba4 {[%clk 1:31:00]} Nf6
{[%clk 1:31:00]} 5. Qe2 {[%clk 1:31:00]} Be7 {[%clk 1:28:00]} 6. O-O {[%clk
1:31:00]} O-O {[%clk 1:28:00]} 7. c3 {[%clk 1:29:00]} b5 {[%clk 1:29:00]} 8. Bb3
{[%clk 1:26:00]} d6 {[%clk 1:29:00]} 9. Rd1 {[%clk 1:27:00]} Bb7 {[%clk 1:25:00]}
10. d4 {[%clk 1:22:00]} Nd7 {[%clk 1:22:00]} 11. Nbd2 {[%clk 1:16:00]} exd4
{[%clk 1:22:00]} 12. cxd4 {[%clk 1:16:00]} Bf6 {[%clk 1:22:00]} 13. Nf1 {[%clk
1:14:00]} Qe7 {[%clk 1:20:00]} 14. Ng3 {[%clk 1:08:00]} g6 {[%clk 1:20:00]} 15.
d5 {[%clk 0:55:00]} Na5 {[%clk 1:17:00]} 16. Bc2 {[%clk 0:55:00]} Rfe8 {[%clk
1:15:00]} 17. Rb1 {[%clk 0:49:00]} Nc4 {[%clk 1:08:00]} 18. b3 {[%clk 0:46:00]}
Ncb6 {[%clk 1:09:00]} 19. Qd2 {[%clk 0:44:00]} Nc5 {[%clk 1:01:00]} 20. Bb2
{[%clk 0:37:00]} Bxb2 {[%clk 0:57:00]} 21. Rxb2 {[%clk 0:37:00]} a5 {[%clk
0:55:00]} 22. Nd4 {[%clk 0:30:00]} b4 {[%clk 0:55:00]} 23. Rbb1 {[%clk 0:24:00]}
Qf6 {[%clk 0:54:00]} 24. Re1 {[%clk 0:22:00]} Re7 {[%clk 0:53:00]} 25. Re3 {[%clk
0:21:00]} Qg5 {[%clk 0:50:00]} 26. Ngf5 {[%clk 0:13:45]} Rxe4 {[%clk 0:45:00]}
27. Bxe4 {[%clk 0:13:44]} Nxe4 {[%clk 0:45:00]} 28. Qc1 {[%clk 0:12:51]} Bxd5
{[%clk 0:41:00]} 29. f3 {[%clk 0:12:10]} gxf5 {[%clk 0:40:00]} 30. fxe4 {[%clk
0:12:30]} Qf6 {[%clk 0:40:00]} 31. Nxf5 {[%clk 0:09:42]} Bxe4 {[%clk 0:38:00]}
32. Nh6+ {[%clk 0:09:31]} Qxh6 {[%clk 0:39:00]} 33. Rg3+ {[%clk 0:09:56]} Qg6
{[%clk 0:39:00]} 34. Rxg6+ {[%clk 0:09:38]} hxg6 {[%clk 0:40:00]} 35. Rb2 {[%clk
0:09:57]} c5 {[%clk 0:40:00]} 36. Qf4 {[%clk 0:10:02]} Re8 {[%clk 0:36:00]} 37.
Qxd6 {[%clk 0:10:02]} 1-0

[Event "Campeonato España Sub 18"]
[Site "Salobreña"]
[Date "2017.07.31"]
[Round "2"]
[White "Porlan Minarro, Antonio"]
[Black "Goni Navarro, Pablo"]
[Result "0-1"]
[Board "17"]
[WhiteClock "1:30"]
[WhiteElo "2038"]
[WhiteCountry "ESP"]
[WhiteFideId "22294821"]
[WhiteEloChange "-6"]
[BlackClock "1:30"]
[BlackElo "2197"]
[BlackCountry "ESP"]
[BlackFideId "22295720"]
[BlackEloChange "6"]

1. e4 {[%clk 1:30:00]} c5 {[%clk 1:30:00]} 2. Na3 {[%clk 1:31:00]} g6 {[%clk
1:29:00]} 3. h4 {[%clk 1:31:00]} Nc6 {[%clk 1:23:00]} 4. h5 {[%clk 1:30:00]} Nf6
{[%clk 1:14:00]} 5. hxg6 {[%clk 1:29:00]} fxg6 {[%clk 1:14:00]} 6. d3 {[%clk
1:26:00]} Bg7 {[%clk 1:15:00]} 7. Bh6 {[%clk 1:23:00]} Bxh6 {[%clk 1:10:00]} 8.
Rxh6 {[%clk 1:23:00]} d5 {[%clk 1:05:00]} 9. exd5 {[%clk 1:07:00]} Qxd5 {[%clk
1:04:00]} 10. Nb5 {[%clk 1:07:00]} Qe5+ {[%clk 0:59:00]} 11. Be2 {[%clk 1:03:00]}
O-O {[%clk 0:54:00]} 12. Nf3 {[%clk 0:56:00]} Qxb2 {[%clk 0:51:00]} 13. Nc7
{[%clk 0:46:00]} Rb8 {[%clk 0:48:00]} 14. Ng5 {[%clk 0:43:00]} Qc3+ {[%clk
0:40:00]} 15. Kf1 {[%clk 0:43:00]} Qe5 {[%clk 0:40:00]} 16. Nxh7 {[%clk 0:42:00]}
Nxh7 {[%clk 0:40:00]} 17. Rxg6+ {[%clk 0:40:00]} Kh8 {[%clk 0:40:00]} 18. Bf3
{[%clk 0:35:00]} Qxc7 {[%clk 0:39:00]} 19. Be4 {[%clk 0:31:00]} Bf5 {[%clk
0:38:00]} 20. Qh5 {[%clk 0:31:00]} Bxg6 {[%clk 0:33:00]} 21. Bxg6 {[%clk
0:31:00]} e6 {[%clk 0:33:00]} 0-1

[Event "Campeonato España Sub 18"]
[Site "Salobreña"]
[Date "2017.07.31"]
[Round "2"]
[White "Martinez Lopez, Carlos"]
[Black "Lacruz Algarate, Alvaro"]
[Result "1/2-1/2"]
[Board "18"]
[WhiteClock "n/a"]
[WhiteElo "2034"]
[WhiteCountry "ESP"]
[WhiteFideId "32041659"]
[WhiteEloChange "4"]
[BlackClock "n/a"]
[BlackElo "2186"]
[BlackCountry "ESP"]
[BlackFideId "32025335"]
[BlackEloChange "-4"]

1. e4 {[%clk 1:30:30]} e6 {[%clk 1:30:30]} 2. d4 {[%clk 1:30:30]} d5 {[%clk
1:30:30]} 3. exd5 {[%clk 1:30:30]} exd5 {[%clk 1:30:30]} 4. Nf3 {[%clk 1:30:30]}
Bd6 {[%clk 1:30:30]} 5. Bd3 {[%clk 1:30:30]} Ne7 {[%clk 1:30:30]} 6. Bg5 {[%clk
1:30:30]} O-O {[%clk 1:30:30]} 7. O-O {[%clk 1:30:30]} Bg4 {[%clk 1:30:30]} 8.
Bh4 {[%clk 1:30:30]} Qd7 {[%clk 1:30:30]} 9. Bg3 {[%clk 1:30:30]} Ng6 {[%clk
1:30:30]} 10. Bxd6 {[%clk 1:30:30]} Qxd6 {[%clk 1:30:30]} 11. h3 {[%clk 1:30:30]}
Be6 {[%clk 1:30:30]} 12. Bxg6 {[%clk 1:30:30]} hxg6 {[%clk 1:30:30]} 13. Ne5
{[%clk 1:30:30]} Nd7 {[%clk 1:30:30]} 14. Re1 {[%clk 1:30:30]} Rfe8 {[%clk
1:30:30]} 15. Nd2 {[%clk 1:30:30]} Re7 {[%clk 1:30:30]} 16. Ndf3 {[%clk 1:30:30]}
Rae8 {[%clk 1:30:30]} 17. Nxd7 {[%clk 1:30:30]} Bxd7 {[%clk 1:30:30]} 18. Qd2
{[%clk 1:30:30]} Bf5 {[%clk 1:30:30]} 19. Rxe7 {[%clk 1:30:30]} Rxe7 {[%clk
1:30:30]} 20. Re1 {[%clk 1:30:30]} Be4 {[%clk 1:30:30]} 21. Nh2 {[%clk 1:30:30]}
f6 {[%clk 1:30:30]} 22. Nf1 {[%clk 1:30:30]} g5 {[%clk 1:30:30]} 23. a4 {[%clk
1:30:30]} b6 {[%clk 1:30:30]} 24. a5 {[%clk 1:30:30]} Bg6 {[%clk 1:30:30]} 25.
axb6 {[%clk 1:30:30]} Rxe1 {[%clk 1:30:30]} 26. Qxe1 {[%clk 1:30:30]} axb6 {[%clk
1:30:30]} 27. Qd2 {[%clk 1:30:30]} Qf4 {[%clk 1:30:30]} 28. c3 {[%clk 1:30:30]}
Qe4 {[%clk 1:30:30]} 29. Qe3 {[%clk 1:30:30]} Qb1 {[%clk 1:30:30]} 30. Qe2 {[%clk
1:30:30]} Bd3 {[%clk 1:30:30]} 31. Qe8+ {[%clk 1:30:30]} Kh7 {[%clk 1:30:30]} 32.
Qh5+ {[%clk 1:30:30]} Kg8 {[%clk 1:30:30]} 33. Qe8+ {[%clk 1:30:30]} 1/2-1/2

[Event "Campeonato España Sub 18"]
[Site "Salobreña"]
[Date "2017.07.31"]
[Round "2"]
[White "Alves Garcia, Eric"]
[Black "Jimenez Ruano, Adrian"]
[Result "1/2-1/2"]
[Board "19"]
[WhiteClock "1:30"]
[WhiteElo "2033"]
[WhiteCountry "ESP"]
[WhiteFideId "24517364"]
[WhiteEloChange "4"]
[BlackClock "1:30"]
[BlackElo "2171"]
[BlackCountry "ESP"]
[BlackFideId "22276050"]
[BlackEloChange "-4"]

1. Nf3 {[%clk 1:30:00]} Nf6 {[%clk 1:30:00]} 2. c4 {[%clk 1:31:00]} e6 {[%clk
1:30:00]} 3. Nc3 {[%clk 1:31:00]} d5 {[%clk 1:30:00]} 4. d4 {[%clk 1:32:00]} c6
{[%clk 1:23:00]} 5. e3 {[%clk 1:32:00]} Nbd7 {[%clk 1:24:00]} 6. Qc2 {[%clk
1:32:00]} Bd6 {[%clk 1:23:00]} 7. b3 {[%clk 1:32:00]} O-O {[%clk 1:18:00]} 8. Be2
{[%clk 1:32:00]} b6 {[%clk 1:17:00]} 9. Bb2 {[%clk 1:33:00]} Bb7 {[%clk 1:17:00]}
10. O-O {[%clk 1:33:00]} Rc8 {[%clk 1:14:00]} 11. Rac1 {[%clk 1:32:00]} Qc7
{[%clk 1:13:00]} 12. Qb1 {[%clk 1:29:00]} Qb8 {[%clk 1:13:00]} 13. Rfd1 {[%clk
1:26:00]} Rfd8 {[%clk 1:12:00]} 14. h3 {[%clk 1:23:00]} h6 {[%clk 1:06:00]} 15.
Rc2 {[%clk 1:07:00]} a6 {[%clk 1:03:00]} 16. a3 {[%clk 1:05:00]} c5 {[%clk
1:00:00]} 17. cxd5 {[%clk 0:41:00]} exd5 {[%clk 0:58:00]} 18. Na2 {[%clk
0:32:00]} Ne4 {[%clk 0:50:00]} 19. Bd3 {[%clk 0:29:00]} Nf8 {[%clk 0:44:00]} 20.
Nc3 {[%clk 0:20:00]} Ne6 {[%clk 0:42:00]} 21. Na4 {[%clk 0:20:00]} Qa7 {[%clk
0:35:00]} 22. Qa1 {[%clk 0:18:13]} Bf8 {[%clk 0:28:00]} 23. Ne5 {[%clk 0:13:47]}
cxd4 {[%clk 0:21:00]} 24. Bxd4 {[%clk 0:14:08]} Nxd4 {[%clk 0:21:00]} 25. Qxd4
{[%clk 0:14:11]} Nc5 {[%clk 0:19:50]} 26. Nxc5 {[%clk 0:13:29]} bxc5 {[%clk
0:17:55]} 27. Qf4 {[%clk 0:13:54]} Rc7 {[%clk 0:16:36]} 28. Ng4 {[%clk 0:10:02]}
Bc8 {[%clk 0:15:19]} 29. Qg3 {[%clk 0:08:52]} Bxg4 {[%clk 0:14:41]} 30. hxg4
{[%clk 0:09:17]} Qb6 {[%clk 0:14:03]} 31. g5 {[%clk 0:09:41]} hxg5 {[%clk
0:11:37]} 32. Qxg5 {[%clk 0:09:55]} Rd6 {[%clk 0:11:14]} 33. Rcd2 {[%clk
0:05:36]} g6 {[%clk 0:05:38]} 34. Bc2 {[%clk 0:05:12]} d4 {[%clk 0:05:43]} 35. e4
{[%clk 0:03:01]} Re6 {[%clk 0:03:55]} 36. Rd3 {[%clk 0:01:17]} Qd6 {[%clk
0:02:16]} 37. Rh3 {[%clk 0:01:24]} Qe7 {[%clk 0:01:32]} 38. Qg3 {[%clk 0:01:40]}
Bg7 {[%clk 0:01:03]} 39. Bd3 {[%clk 0:02:07]} Rb6 {[%clk 0:00:56]} 40. Bc4 {[%clk
0:02:30]} Rd7 {[%clk 0:00:52]} 41. Rd3 {[%clk 0:02:44]} Qxe4 {[%clk 0:00:54]} 42.
f3 {[%clk 0:02:46]} Qe7 {[%clk 0:00:57]} 43. a4 {[%clk 0:02:55]} Be5 {[%clk
0:00:39]} 44. f4 {[%clk 0:02:59]} Bg7 {[%clk 0:01:08]} 45. a5 {[%clk 0:03:23]}
Rbd6 {[%clk 0:01:23]} 46. f5 {[%clk 0:03:32]} gxf5 {[%clk 0:00:50]} 47. Rd1
{[%clk 0:02:51]} Qe3+ {[%clk 0:00:54]} 48. Qxe3 {[%clk 0:03:17]} dxe3 {[%clk
0:01:27]} 49. Rxd6 {[%clk 0:03:08]} Rxd6 {[%clk 0:01:27]} 50. Kf1 {[%clk
0:03:38]} f4 {[%clk 0:01:33]} 51. Rf3 {[%clk 0:03:26]} Be5 {[%clk 0:00:54]} 52.
g3 {[%clk 0:03:08]} Rf6 {[%clk 0:00:36]} 53. gxf4 {[%clk 0:03:12]} Rxf4 {[%clk
0:00:32]} 54. Rxf4 {[%clk 0:03:35]} Bxf4 {[%clk 0:01:01]} 55. Bxa6 {[%clk
0:03:59]} Bc7 {[%clk 0:00:51]} 56. Ke2 {[%clk 0:04:23]} Bxa5 {[%clk 0:01:08]} 57.
Kxe3 {[%clk 0:04:48]} Kg7 {[%clk 0:01:34]} 58. Kf3 {[%clk 0:05:06]} Kf6 {[%clk
0:01:44]} 59. Bc4 {[%clk 0:04:53]} Ke7 {[%clk 0:02:08]} 60. Bd5 {[%clk 0:05:43]}
f6 {[%clk 0:02:19]} 61. Bc4 {[%clk 0:06:06]} Kd6 {[%clk 0:02:38]} 62. Kf4 {[%clk
0:06:23]} Bd2+ {[%clk 0:02:54]} 63. Kf5 {[%clk 0:06:47]} Bg5 {[%clk 0:03:20]} 64.
Bg8 {[%clk 0:07:07]} Kc6 {[%clk 0:03:30]} 65. Bc4 {[%clk 0:07:07]} Kb6 {[%clk
0:04:06]} 66. Bg8 {[%clk 0:07:09]} Kb5 {[%clk 0:04:36]} 67. Bc4+ {[%clk 0:08:03]}
Kb4 {[%clk 0:04:56]} 68. Be6 {[%clk 0:08:03]} 1/2-1/2

[Event "Campeonato España Sub 18"]
[Site "Salobreña"]
[Date "2017.07.31"]
[Round "2"]
[White "Vidal Fernandez, Pablo"]
[Black "Gillis Onieva, Celia"]
[Result "1-0"]
[Board "20"]
[WhiteClock "1:30"]
[WhiteElo "2167"]
[WhiteCountry "ESP"]
[WhiteFideId "32041705"]
[WhiteEloChange "6"]
[BlackClock "1:30"]
[BlackElo "2032"]
[BlackCountry "ESP"]
[BlackFideId "32092652"]
[BlackEloChange "-6"]

1. e4 {[%clk 1:30:00]} c5 {[%clk 1:30:00]} 2. Nf3 {[%clk 1:30:00]} Nc6 {[%clk
1:31:00]} 3. d4 {[%clk 1:30:00]} cxd4 {[%clk 1:31:00]} 4. Nxd4 {[%clk 1:31:00]}
g6 {[%clk 1:32:00]} 5. Nc3 {[%clk 1:31:00]} Bg7 {[%clk 1:32:00]} 6. Nb3 {[%clk
1:32:00]} Nf6 {[%clk 1:31:00]} 7. g4 {[%clk 1:32:00]} d5 {[%clk 1:29:00]} 8. exd5
{[%clk 1:31:00]} Nb4 {[%clk 1:27:00]} 9. Bb5+ {[%clk 1:31:00]} Bd7 {[%clk
1:27:00]} 10. g5 {[%clk 1:30:00]} Nh5 {[%clk 1:10:00]} 11. a3 {[%clk 1:26:00]}
Bxb5 {[%clk 0:57:00]} 12. Nxb5 {[%clk 1:26:00]} Qd7 {[%clk 0:50:00]} 13. c4
{[%clk 1:24:00]} Na6 {[%clk 0:49:00]} 14. Qe2 {[%clk 1:16:00]} O-O {[%clk
0:47:00]} 15. Be3 {[%clk 1:15:00]} b6 {[%clk 0:43:00]} 16. O-O-O {[%clk 1:02:00]}
Nc7 {[%clk 0:39:00]} 17. Nxc7 {[%clk 0:59:00]} Qxc7 {[%clk 0:38:00]} 18. Kb1
{[%clk 0:58:00]} Rac8 {[%clk 0:33:00]} 19. Rc1 {[%clk 0:57:00]} Qd7 {[%clk
0:29:00]} 20. Rhd1 {[%clk 0:53:00]} Rfe8 {[%clk 0:19:57]} 21. Ka2 {[%clk
0:43:00]} Bf8 {[%clk 0:19:19]} 22. Nd4 {[%clk 0:41:00]} Ng7 {[%clk 0:19:17]} 23.
Qf3 {[%clk 0:36:00]} Qb7 {[%clk 0:14:09]} 24. h4 {[%clk 0:33:00]} e6 {[%clk
0:11:10]} 25. Nc6 {[%clk 0:33:00]} exd5 {[%clk 0:09:46]} 26. cxd5 {[%clk
0:33:00]} Nf5 {[%clk 0:10:13]} 27. h5 {[%clk 0:32:00]} Nxe3 {[%clk 0:09:22]} 28.
fxe3 {[%clk 0:33:00]} b5 {[%clk 0:06:20]} 29. d6 {[%clk 0:32:00]} Qd7 {[%clk
0:06:09]} 30. Qd5 {[%clk 0:31:00]} Rxe3 {[%clk 0:00:43]} 31. Ne7+ {[%clk
0:30:00]} Bxe7 {[%clk 0:00:45]} 32. Rxc8+ {[%clk 0:31:00]} Qxc8 {[%clk 0:01:08]}
33. dxe7 {[%clk 0:31:00]} Rxe7 {[%clk 0:01:16]} 34. h6 {[%clk 0:30:00]} Qe6
{[%clk 0:01:14]} 35. Qxe6 {[%clk 0:31:00]} fxe6 {[%clk 0:01:14]} 36. Rd8+ {[%clk
0:31:00]} Kf7 {[%clk 0:01:37]} 37. Rh8 {[%clk 0:32:00]} Re8 {[%clk 0:01:38]} 38.
Rxh7+ {[%clk 0:32:00]} Kg8 {[%clk 0:02:01]} 39. Rxa7 {[%clk 0:30:00]} e5 {[%clk
0:02:08]} 40. Kb1 {[%clk 0:31:00]} e4 {[%clk 0:02:21]} 41. Kc1 {[%clk 0:31:00]}
Re5 {[%clk 0:02:05]} 42. Rg7+ {[%clk 0:31:00]} Kh8 {[%clk 0:02:01]} 43. Rxg6
{[%clk 0:31:00]} Rd5 {[%clk 0:00:53]} 44. Re6 {[%clk 0:29:00]} Rxg5 {[%clk
0:01:11]} 45. Rxe4 {[%clk 0:30:00]} Rh5 {[%clk 0:01:31]} 46. Re6 {[%clk 0:30:00]}
Kh7 {[%clk 0:00:35]} 47. Kc2 {[%clk 0:31:00]} Rh3 {[%clk 0:00:39]} 48. Rb6 {[%clk
0:31:00]} Rh2+ {[%clk 0:00:37]} 49. Kc3 {[%clk 0:31:00]} 1-0